000 00392nam a2200133Ia 4500
008 230411s9999 xx 000 0 und d
041 _aeng
082 _aF/610.7304/GAN/GAN/B04427
100 _aGanguli L K & Ganguli A K
_9176363
245 _aFirst Aid : Management of injuries and common ailments
260 _bAcademic Publishers
_aKolkata
_c1983
300 _a117p
999 _c155088
_d155088